Lập trình

Một số khái niệm cơ bản về bài toán, thuật toán, chương trình, ngôn ngữ lập trình. Trình bày sơ lược về ngôn ngữ lập trình Turbo - Pascal 7.0, các kiểu dữ liệu đơn giản, một số lệnh điều khiển, các kiểu dữ liệu phức tạp, chương trình con, dữ liệu động......

Cur síos iomlán

Đã lưu trong:
Sonraí Bibleagrafaíochta
Príomhúdar: Nguyễn Xuân My
Údair Eile: Nguyễn Đức Nghĩa
Formáid: Leabhar
Teanga:Vietnamese
Foilsithe: H. Đại học Sư phạm 2011
Eagrán:Tái bản lần thứ 1
Ábhair:
Clibeanna: Cuir Clib Leis
Gan Chlibeanna, Bí ar an gcéad duine leis an taifead seo a chlibeáil!
Thư viện lưu trữ: Mạng thư viện Đại học Đà Nẵng
LEADER 01634aam a22003858a 4500
001 000020785
003 17232
005 20150327090328.0
008 150327s2011 viesd
020 |c 57000đ  |d 500b 
041 0 |a vie 
082 1 4 |2 14  |a 005.1  |b NG-M 
100 1 |a Nguyễn Xuân My 
245 1 0 |a Lập trình  |c Nguyễn Xuân My (ch.b.), Nguyễn Đức Nghĩa 
250 |a Tái bản lần thứ 1 
260 |a H.  |b Đại học Sư phạm  |c 2011 
300 |a 359 tr.  |b hình vẽ, bảng  |c 24cm. 
500 |a Đầu bìa ghi: Bộ Giáo dục và Đào tạo. Dự án Đào tạo giáo viên THCS 
520 |a Một số khái niệm cơ bản về bài toán, thuật toán, chương trình, ngôn ngữ lập trình. Trình bày sơ lược về ngôn ngữ lập trình Turbo - Pascal 7.0, các kiểu dữ liệu đơn giản, một số lệnh điều khiển, các kiểu dữ liệu phức tạp, chương trình con, dữ liệu động... 
650 0 4 |2 Bộ TK TVQG  |a Lập trình 
650 7 |2 Bộ TK TVQG 
653 |a Tin học 
653 |a Lập trình 
655 7 |2 Bộ TK TVQG  |a Giáo trình 
700 1 |a Nguyễn Đức Nghĩa 
OWN |a LSP 
AVA |a UDN50  |b LSP  |d 005.1 NG-M  |e available  |t Error 5001 Not defined in file expand_doc_bib_avail.  |f 10  |g 0  |h N  |i 0  |k 1 
999 |a From the UDN01 
AVA |a UDN50  |b LSP  |d 005.1 NG-M  |e available  |t Error 5001 Not defined in file expand_doc_bib_avail.  |f 10  |g 0  |h N  |i 0  |k 1 
TYP |a Monograph 
TYP |a Printed language 
980 |a Mạng thư viện Đại học Đà Nẵng